01277cam a22003134a 450000100090000000300040000900500170001300800410003001000170007102000180008802000150010604000180012105000150013908200190015410000260017324500490019925000230024826000410027130000300031250400510034250501150039365000390050865000450054765000480059265000450064085600810068585601060076685600910087215066625OSt20220719154531.0071101s2008 ilua b 001 0 eng  a 2007045189 a9780802434340 a0802434347 aDLCcDLCdDLC00a230bEN59M00a230222bEN59M1 aEnns, Paul P.,d1937-14aThe moody handbook of theology /cPaul Enns. aRev. and expanded. aChicago :bMoody Publishers,cc2008. a766 p. :bill. ;c24 cm. aIncludes bibliographical references and index.0 aBiblical theology -- Systematic theology -- Historical theology -- Dogmatic theology -- Contemporary theology. 0aTheologyvHandbooks, manuals, etc. 0aFundamentalismvHandbooks, manuals, etc. 0aDispensationalismvHandbooks, manuals, etc. 0aEvangelicalismvHandbooks, manuals, etc.413Table of contents onlyuhttp://www.loc.gov/catdir/toc/fy0803/2007045189.html423Contributor biographical informationuhttp://www.loc.gov/catdir/enhancements/fy1113/2007045189-b.html423Publisher descriptionuhttp://www.loc.gov/catdir/enhancements/fy1113/2007045189-d.html